01321cam a22002771 4500001001300000003000400013005001700017008004100034010001700075035002000092040005300112042001200165050002300177051003200200110002900232245012900261260004300390300007100433490007100504490004200575500014400617501016800761650005000929700003200979700003201011gs 07001572 DLC20260227111307.0840925s1907 dcuabf f000 0 eng c ags 07001572  a(OCoLC)11195490 aLibrary, U.S. Geological SurveycCLSdOCoLCdDLC apremarc00aTC801b.U2 no. 209 aGb1215b.U59 no. 63cCopy 22 aGeological Survey (U.S.)10aSurface water supply of lower western Mississippi River drainage, 1906.cR.I. Meeker and J.M. Giles, district hydrographers. aWashington,bGovt. Print. Off.,c1907. aiv, 79, i, [1] p.billus., II pl. (incl. fold. map) diagr.c23 cm.0 aU.S. Geological survey. Water-supply and irrigation papervno. 2090 aP, Hydrographic progress reports,v63 a"This report contains information similar to that published in previous years under the title 'Report on progress of stream measurements'." aTC801.U2 no. 209 with : Surface water supply of Missouri river drainage, 1906. Washington : Govt. Print. Off., 1907. Bound together subsequent to publication.5DLC 0aWater-supplyzLower Mississippi River Valley.1 aMeeker, Ralph Inman,d1878-1 aGiles, James Marvin,d1875-